00629 2200229 4500001002100000005001700021008004100038020001800079035002500097040001200122082001100134090001800145100002300163245004400186250001200230260004100242300003100283500003100314650002500345850001200370990001700382YOGYA-0209000001189820150422102044.0 ind  a979-421-082-X a0010-020900000011898 aYOPDYOG a370.15 a370.15bSur P aSURYABRATA, Sumadi aPsikologi pendidikancSumadi Suryabrata aCet. 11 aJakartabGaja Grafindo Persadac2002 axiii, 354 hlmbilusc20 cm aBibliografi : hlm. 353-354 aPsikologi pendidikan aYOPDYOG a3024-Pd/p.03